[Event "BIH-chT Premier League 2019"]
[Site "Tuzla"]
[Date "2019.06.15"]
[Round "8.7"]
[White "Savic, Miodrag R"]
[Black "Sedlak, Nikola"]
[Result "1/2-1/2"]
[WhiteElo "2503"]
[BlackElo "2583"]
[Annotator "ChessBase"]
[PlyCount "65"]
[EventDate "2019.06.08"]
[EventType "team-tourn"]
[EventCountry "BIH"]
[SourceTitle "playchess.com"]
[Source "ChessBase"]
[SourceQuality "1"]
[TimeControl "40/5400+30:900+30"]

1. e4 {[%emt 0:00:00]} c6 {[%emt 0:00:00]} 2. d4 {[%emt 0:00:35]} d5 {[%emt 0:00:00]} 3. e5 {[%emt 0:01:05]} c5 {[%emt 0:00:31]} 4. dxc5 {[%emt 0:02:19]} e6 {[%emt 0:00:29]} 5. a3 {[%emt 0:02:13]} Bxc5 {[%emt 0:00:15]} 6. b4 {[%emt 0:01:44]} Bb6 {[%emt 0:00:22]} 7. Qg4 {[%emt 0:05:59]} Ne7 {[%emt 0:05:09]} 8. Nf3 {[%emt 0:01:53]} Ng6 {[%emt 0:02:36]} 9. Bd3 {[%emt 0:04:29]} f5 {[%emt 0:02:55]} 10. exf6 {[%emt 0:08:02]} Qxf6 {[%emt 0:01:05]} 11. O-O {[%emt 0:05:29]} O-O {[%emt 0:00:43]} 12. Qh5 {[%emt 0:02:54]} Nd7 {[%emt 0:07:29]} 13. Ra2 {[%emt 0:02:49]} Qf7 {[%emt 0:13:47]} 14. c4 {[%emt 0:07:05]} dxc4 {[%emt 0:05:25]} 15. Bxg6 {[%emt 0:08:43]} Qxg6 {[%emt 0:00:16]} 16. Qxg6 {[%emt 0:00:28]} hxg6 {[%emt 0:00:09]} 17. Nbd2 {[%emt 0:00:20]} c3 {[%emt 0:05:23]} 18. Ne4 {[%emt 0:01:04]} Nf6 {[%emt 0:00:07]} 19. Nxc3 {[%emt 0:01:39]} Bd7 {[%emt 0:00:10]} 20. Rd2 {[%emt 0:05:17]} a5 {[%emt 0:10:05]} 21. Ne5 {[%emt 0:02:08]} axb4 {[%emt 0:00:43]} 22. axb4 {[%emt 0:00:20]} Rfd8 {[%emt 0:06:09]} 23. Nxd7 {[%emt 0:05:35]} Rxd7 {[%emt 0:00:14]} 24. Rxd7 {[%emt 0:00:22]} Nxd7 {[%emt 0:00:10]} 25. Re1 {[%emt 0:02:54]} Kf7 {[%emt 0:02:41]} 26. Ne4 {[%emt 0:01:46]} Ra2 {[%emt 0:01:16]} 27. Ng5+ {[%emt 0:09:01]} Kf6 {[%emt 0:03:39]} 28. Rxe6+ {[%emt 0:04:21]} Kf5 {[%emt 0:00:15]} 29. h3 {[%emt 0:00:46]} Bxf2+ {[%emt 0:00:13]} 30. Kh2 {[%emt 0:03:58]} Bh4 {[%emt 0:00:21]} 31. Re7 {[%emt 0:02:30]} Bxg5 {[%emt 0:01:03]} 32. Bxg5 {[%emt 0:00:28]} Ne5 {[%emt 0:00:47]} 33. Be3 {[%emt 0:03:16]} 1/2-1/2

[Event "BIH-chT Premier League 2019"]
[Site "Tuzla"]
[Date "2019.06.15"]
[Round "8.8"]
[White "Djukic, Nikola"]
[Black "Cvitan, Ognjen"]
[Result "1/2-1/2"]
[WhiteElo "2547"]
[BlackElo "2490"]
[Annotator "ChessBase"]
[PlyCount "81"]
[EventDate "2019.06.08"]
[EventType "team-tourn"]
[EventCountry "BIH"]
[SourceTitle "playchess.com"]
[Source "ChessBase"]
[SourceQuality "1"]
[TimeControl "40/5400+30:900+30"]

1. e4 {[%emt 1:30:30]} c5 {[%emt 1:30:30]} 2. Nf3 {[%emt 0:00:30]} d6 {[%emt 0:00:30]} 3. d4 {[%emt 0:00:30]} cxd4 {[%emt 0:00:30]} 4. Nxd4 {[%emt 0:00:30]} Nf6 {[%emt 0:00:30]} 5. Nc3 {[%emt 0:00:30]} g6 {[%emt 0:00:30]} 6. Be3 {[%emt 0:00:30]} Bg7 {[%emt 0:00:30]} 7. f3 {[%emt 0:00:30]} Nc6 {[%emt 0:00:30]} 8. Qd2 {[%emt 0:00:30]} O-O {[%emt 0:00:30]} 9. Bc4 {[%emt 0:00:30]} Bd7 {[%emt 0:00:30]} 10. h4 {[%emt 0:00:30]} Ne5 {[%emt 0:00:30]} 11. Bb3 {[%emt 0:00:30]} h5 {[%emt 0:00:30]} 12. O-O-O {[%emt 0:00:30]} Rc8 {[%emt 0:00:30]} 13. Bg5 {[%emt 0:00:30]} Rc5 {[%emt 0:00:30]} 14. Kb1 {[%emt 0:00:30]} Re8 {[%emt 0:00:30]} 15. Bh6 {[%emt 0:00:30]} Nc4 {[%emt 0:00:30]} 16. Bxc4 {[%emt 0:00:30]} Rxc4 {[%emt 0:00:30]} 17. Bxg7 {[%emt 0:00:30]} Kxg7 {[%emt 0:00:30]} 18. Nd5 {[%emt 0:00:30]} Nxd5 {[%emt 0:00:30]} 19. exd5 {[%emt 0:00:30]} a5 {[%emt 0:00:30]} 20. g4 {[%emt 0:00:30]} Rh8 {[%emt 0:00:30]} 21. b3 {[%emt 0:00:30]} Rc5 {[%emt 0:00:30]} 22. Ne2 {[%emt 0:00:30]} Kg8 {[%emt 0:00:30]} 23. Ng3 {[%emt 0:00:30]} f6 {[%emt 0:00:30]} 24. gxh5 {[%emt 0:00:30]} gxh5 {[%emt 0:00:30]} 25. Rhg1 {[%emt 0:00:30]} Kf7 {[%emt 0:00:30]} 26. Ne4 {[%emt 0:00:30]} Rc8 {[%emt 0:00:30]} 27. Qd3 {[%emt 0:00:30]} Kf8 {[%emt 0:00:30]} 28. Ng3 {[%emt 0:00:30]} Qc7 {[%emt 0:00:30]} 29. Ne2 {[%emt 0:00:30]} Ke8 {[%emt 0:00:30]} 30. Rg7 {[%emt 0:00:30]} Kd8 {[%emt 0:00:30]} 31. Nd4 {[%emt 0:00:30]} Re8 {[%emt 0:00:30]} 32. Re1 {[%emt 0:00:30]} Qc3 {[%emt 0:00:30]} 33. Qxc3 {[%emt 0:00:30]} Rxc3 {[%emt 0:00:30]} 34. Rh7 {[%emt 0:00:30]} Rc5 {[%emt 0:00:30]} 35. c4 {[%emt 0:00:30]} b5 {[%emt 0:00:30]} 36. Rc1 {[%emt 0:00:30]} bxc4 {[%emt 0:00:30]} 37. bxc4 {[%emt 0:00:30]} e5 {[%emt 0:00:30]} 38. dxe6 {[%emt 0:00:30]} Bxe6 {[%emt 0:00:30]} 39. Nxe6+ {[%emt 0:00:30]} Rxe6 {[%emt 0:00:30]} 40. Ra7 {[%emt 0:00:30]} Re7 {[%emt 0:00:30]} 41. Ra8+ {[%emt 0:15:30]} 1/2-1/2

[Event "BIH-chT Premier League 2019"]
[Site "Tuzla"]
[Date "2019.06.15"]
[Round "8.9"]
[White "Jakovljevic, Vlado"]
[Black "Kadric, Denis"]
[Result "0-1"]
[WhiteElo "2360"]
[BlackElo "2550"]
[Annotator "ChessBase"]
[PlyCount "84"]
[EventDate "2019.06.08"]
[EventType "team-tourn"]
[EventCountry "BIH"]
[SourceTitle "playchess.com"]
[Source "ChessBase"]
[SourceQuality "1"]
[TimeControl "40/5400+30:900+30"]

1. Nf3 {[%emt 1:30:30]} g6 {[%emt 1:30:30]} 2. d4 {[%emt 0:00:30]} Bg7 {[%emt 0:00:30]} 3. c4 {[%emt 0:00:30]} d6 {[%emt 0:00:30]} 4. Nc3 {[%emt 0:00:30]} Bg4 {[%emt 0:00:30]} 5. e3 {[%emt 0:00:30]} Nc6 {[%emt 0:00:30]} 6. Be2 {[%emt 0:00:30]} e5 {[%emt 0:00:30]} 7. d5 {[%emt 0:00:30]} Nce7 {[%emt 0:00:30]} 8. e4 {[%emt 0:00:30]} c5 {[%emt 0:00:30]} 9. O-O {[%emt 0:00:30]} Nf6 {[%emt 0:00:30]} 10. Ne1 {[%emt 0:00:30]} Bxe2 {[%emt 0:00:30]} 11. Qxe2 {[%emt 0:00:30]} O-O {[%emt 0:00:30]} 12. Nd3 {[%emt 0:00:30]} Nd7 {[%emt 0:00:30]} 13. f4 {[%emt 0:00:30]} exf4 {[%emt 0:00:30]} 14. Bxf4 {[%emt 0:00:30]} Nb6 {[%emt 0:00:30]} 15. Rac1 {[%emt 0:00:30]} Nxc4 {[%emt 0:00:30]} 16. Nxc5 {[%emt 0:00:30]} Ne5 {[%emt 0:00:30]} 17. Nd3 {[%emt 0:00:30]} Nc8 {[%emt 0:00:30]} 18. Nxe5 {[%emt 0:00:30]} dxe5 {[%emt 0:00:30]} 19. Be3 {[%emt 0:00:30]} Nd6 {[%emt 0:00:30]} 20. Bc5 {[%emt 0:00:30]} Bh6 {[%emt 0:00:30]} 21. Rc2 {[%emt 0:00:30]} a6 {[%emt 0:00:30]} 22. Kh1 {[%emt 0:00:30]} Rc8 {[%emt 0:00:30]} 23. Bg1 {[%emt 0:00:30]} b5 {[%emt 0:00:30]} 24. Qd3 {[%emt 0:00:30]} b4 {[%emt 0:00:30]} 25. Na4 {[%emt 0:00:30]} Rxc2 {[%emt 0:00:30]} 26. Qxc2 {[%emt 0:00:30]} Qh4 {[%emt 0:00:30]} 27. Nc5 {[%emt 0:00:30]} f5 {[%emt 0:00:30]} 28. exf5 {[%emt 0:00:30]} Nxf5 {[%emt 0:00:30]} 29. Ne4 {[%emt 0:00:30]} Be3 {[%emt 0:00:30]} 30. Qd3 {[%emt 0:00:30]} Kg7 {[%emt 0:00:30]} 31. g3 {[%emt 0:00:30]} Qh3 {[%emt 0:00:30]} 32. Qe2 {[%emt 0:00:30]} Nd4 {[%emt 0:00:30]} 33. Qxe3 {[%emt 0:00:30]} Qxf1 {[%emt 0:00:30]} 34. Nc5 {[%emt 0:00:30]} Nf3 {[%emt 0:00:30]} 35. Ne6+ {[%emt 0:00:30]} Kg8 {[%emt 0:00:30]} 36. Nxf8 {[%emt 0:00:30]} Nxg1 {[%emt 0:00:30]} 37. Qxg1 {[%emt 0:00:30]} Qf3+ {[%emt 0:00:30]} 38. Qg2 {[%emt 0:00:30]} Qd1+ {[%emt 0:00:30]} 39. Qg1 {[%emt 0:00:30]} Qxd5+ {[%emt 0:00:30]} 40. Qg2 {[%emt 0:00:30]} Qd1+ {[%emt 0:00:30]} 41. Qg1 {[%emt 0:15:30]} Qxg1+ {[%emt 0:15:30]} 42. Kxg1 {[%emt 0:00:30]} Kxf8 {[%emt 0:00:30]} 0-1

[Event "BIH-chT Premier League 2019"]
[Site "Tuzla"]
[Date "2019.06.15"]
[Round "8.10"]
[White "Stojanovic, Dalibor"]
[Black "Vlatkovic, Milos"]
[Result "1/2-1/2"]
[WhiteElo "2507"]
[BlackElo "2312"]
[Annotator "ChessBase"]
[PlyCount "63"]
[EventDate "2019.06.08"]
[EventType "team-tourn"]
[EventCountry "BIH"]
[SourceTitle "playchess.com"]
[Source "ChessBase"]
[SourceQuality "1"]
[TimeControl "40/5400+30:900+30"]

1. e4 {[%emt 1:30:30]} e5 {[%emt 1:30:30]} 2. Bc4 {[%emt 0:00:30]} Nf6 {[%emt 0:00:30]} 3. d3 {[%emt 0:00:30]} c6 {[%emt 0:00:30]} 4. Nf3 {[%emt 0:00:30]} d5 {[%emt 0:00:30]} 5. Bb3 {[%emt 0:00:30]} Bb4+ {[%emt 0:00:30]} 6. Bd2 {[%emt 0:00:30]} Bxd2+ {[%emt 0:00:30]} 7. Nbxd2 {[%emt 0:00:30]} a5 {[%emt 0:00:30]} 8. a4 {[%emt 0:00:30]} Bg4 {[%emt 0:00:30]} 9. h3 {[%emt 0:00:30]} Bxf3 {[%emt 0:00:30]} 10. Qxf3 {[%emt 0:00:30]} O-O {[%emt 0:00:30]} 11. O-O {[%emt 0:00:30]} dxe4 {[%emt 0:00:30]} 12. Nxe4 {[%emt 0:00:30]} Nxe4 {[%emt 0:00:30]} 13. Qxe4 {[%emt 0:00:30]} Nd7 {[%emt 0:00:30]} 14. Qe3 {[%emt 0:00:30]} Re8 {[%emt 0:00:30]} 15. Rae1 {[%emt 0:00:30]} Nf6 {[%emt 0:00:30]} 16. Re2 {[%emt 0:00:30]} e4 {[%emt 0:00:30]} 17. d4 {[%emt 0:00:30]} Nd5 {[%emt 0:00:30]} 18. Qg3 {[%emt 0:00:30]} Qb6 {[%emt 0:00:30]} 19. c4 {[%emt 0:00:30]} Nf6 {[%emt 0:00:30]} 20. Qc3 {[%emt 0:00:30]} Rad8 {[%emt 0:00:30]} 21. Rd1 {[%emt 0:00:30]} Rd7 {[%emt 0:00:30]} 22. Bc2 {[%emt 0:00:30]} Red8 {[%emt 0:00:30]} 23. Red2 {[%emt 0:00:30]} h6 {[%emt 0:00:30]} 24. b3 {[%emt 0:00:30]} Kf8 {[%emt 0:00:30]} 25. Qe3 {[%emt 0:00:30]} Re8 {[%emt 0:00:30]} 26. Qc3 {[%emt 0:00:30]} Red8 {[%emt 0:00:30]} 27. Qe3 {[%emt 0:00:30]} Re8 {[%emt 0:00:30]} 28. Kh1 {[%emt 0:00:30]} Kg8 {[%emt 0:00:30]} 29. g4 {[%emt 0:00:30]} Red8 {[%emt 0:00:30]} 30. Kg2 {[%emt 0:00:30]} Kh8 {[%emt 0:00:30]} 31. Kh1 {[%emt 0:00:30]} Kg8 {[%emt 0:00:30]} 32. Kg2 {[%emt 0:00:30]} 1/2-1/2

[Event "BIH-chT Premier League 2019"]
[Site "Tuzla"]
[Date "2019.06.16"]
[Round "9.1"]
[White "Predojevic, Borki"]
[Black "Cvitan, Ognjen"]
[Result "1/2-1/2"]
[WhiteElo "2620"]
[BlackElo "2490"]
[Annotator "TA"]
[PlyCount "63"]
[EventDate "2019.06.08"]
[EventType "team-tourn"]
[EventCountry "BIH"]
[SourceTitle "playchess.com"]
[Source "ChessBase"]
[SourceQuality "1"]

{[%evp 21,63,21,30,21,21,21,21,21,21,21,21,21,21,20,20,20,20,18,27,19,25,26,58,38,35,43,55,35,30,33,66,41,56,41,41,0,61,45,81,77,79,0,87,0]} 1. e4 c5 2. Nf3 d6 3. Bb5+ Bd7 4. Bxd7+ Qxd7 5. c4 Nf6 6. Nc3 g6 7. d4 cxd4 8. Nxd4 Bg7 9. f3 O-O 10. Be3 Nc6 11. O-O a6 12. Qd3 {B52: Sicilian: Moscow Variation with 3...Bd7} (12. Na4 Rab8 13. Nxc6 Qxc6 14. Nb6 Nd7 15. Nxd7 Qxd7 16. Rf2 b5 17. c5 Qa7 18. Rc1 dxc5 19. Bxc5 Qc7 {1-0 (50) Caruana,F (2807)-Kasparov,G (2812) Saint Louis 2017}) 12... Ne5 13. Qe2 Rac8 14. b3 {The position is equal.} b5 {[%cal Rb5c4]} 15. Nd5 $1 {[%cal Rd5b6]} Nxd5 16. cxd5 e6 17. dxe6 fxe6 18. Rad1 {[#]} Nf7 $146 ({Predecessor:} 18... Nc6 19. Qd2 Nxd4 20. Bxd4 {½-½ (75) Kryvoruchko,Y (2692)-Yilmaz,M (2633) Heraklio 2017}) 19. Qd2 Rfe8 20. Rfe1 Qb7 21. Rc1 b4 22. Rxc8 Rxc8 23. Rd1 Re8 24. Qc2 Rc8 25. Qe2 Re8 26. Bf2 Bh6 27. Nc2 Rc8 28. Nd4 Re8 29. h3 Bf4 30. Be3 Bg3 31. Bf2 Bf4 $1 32. Be3 {Accuracy: White = 49%, Black = 46%.} ({White should play} 32. Qc4 $16) 1/2-1/2

[Event "BIH-chT Premier League 2019"]
[Site "Tuzla"]
[Date "2019.06.16"]
[Round "9.2"]
[White "Jakovljevic, Vlado"]
[Black "Bosiocic, Marin"]
[Result "0-1"]
[WhiteElo "2360"]
[BlackElo "2629"]
[Annotator "TA"]
[PlyCount "68"]
[EventDate "2019.06.08"]
[EventType "team-tourn"]
[EventCountry "BIH"]
[SourceTitle "playchess.com"]
[Source "ChessBase"]
[SourceQuality "1"]

{[%evp 10,68,18,18,22,7,18,5,22,0,7,0,4,0,10,0,0,0,12,11,27,18,14,19,16,21,35,16,27,29,30,25,31,0,0,0,13,0,14,14,14,0,16,14,54,-3,0,0,0,-12,0,0,0,0,0,-891,-883,-2933,-2730,-2050,-1821]} 1. Nf3 Nf6 2. c4 e6 3. Nc3 Bb4 4. Qc2 O-O 5. a3 Bxc3 6. Qxc3 a5 {A17: English Opening: 1...Nf6 with ...Bb4} 7. b3 (7. d4 b6 8. Bg5 Bb7 9. e3 d6 10. Nd2 Nbd7 11. f3 c5 12. Bd3 h6 13. Bh4 d5 14. O-O cxd4 15. exd4 dxc4 16. Nxc4 {½-½ (27) Jakovenko,D (2749)-Zhigalko,S (2616) Ankara 2018}) 7... d6 8. Bb2 e5 {The position is equal.} 9. g3 Bd7 $146 ({Predecessor:} 9... c5 10. Bg2 Nc6 11. O-O Bg4 12. Rfe1 Qb6 13. e3 a4 14. bxa4 Rxa4 {1-0 (44) Zhao,Z (2567)-Kortschnoj,V (2584) Dresden 2008}) 10. Bg2 Qc8 11. O-O Bh3 12. d3 Re8 13. e4 Nc6 14. Qd2 Bxg2 15. Kxg2 Nd7 16. b4 axb4 17. axb4 Rxa1 18. Rxa1 Nf8 19. b5 Ne7 20. d4 Neg6 21. dxe5 dxe5 22. h3 Rd8 23. Qc2 f6 24. Bc1 Ne6 25. Be3 c5 26. bxc6 Qxc6 27. c5 (27. Rb1 $1 $14) 27... h5 28. Rb1 b5 29. Qb3 Kh7 30. Qxb5 Qxe4 31. Rb4 Nd4 32. Qe2 $2 {[%mdl 8192]} (32. Bxd4 $11 Rxd4 33. Rb2) 32... Rb8 $19 {Black is clearly winning.} ({And not} 32... Nxe2 33. Rxe4 Nc3 34. Rc4 $11) 33. Rc4 Rb1 ({Worse is} 33... Nxe2 34. Rxe4 Nc3 35. Rc4 $11) 34. c6 {[#]} Rg1+ $1 {[%mdl 576] Pin. Accuracy: White = 56%, Black = 73%.} 0-1

[Event "BIH-chT Premier League 2019"]
[Site "Tuzla"]
[Date "2019.06.16"]
[Round "9.3"]
[White "Kozul, Zdenko"]
[Black "Vlatkovic, Milos"]
[Result "1-0"]
[WhiteElo "2575"]
[BlackElo "2312"]
[Annotator "TA"]
[PlyCount "91"]
[EventDate "2019.06.08"]
[EventType "team-tourn"]
[EventCountry "BIH"]
[SourceTitle "playchess.com"]
[Source "ChessBase"]
[SourceQuality "1"]

{[%evp 12,91,27,21,26,25,33,28,28,14,37,36,40,-34,16,12,15,-26,-44,-39,-22,-38,-72,-48,-19,-19,-19,-65,-60,-82,-71,-70,0,0,0,0,0,0,39,0,84,103,92,97,96,76,51,54,162,153,230,230,230,230,230,227,227,227,339,331,429,431,414,403,391,343,440,436,758,577,585,570,751,722,808,737,808,791,763,570,572,564]} 1. Nf3 Nf6 2. c4 e6 3. d4 Bb4+ 4. Nbd2 b6 5. a3 Bxd2+ 6. Qxd2 Bb7 7. e3 a5 {E14: Queen's Indian: Classical Variation (4 e3)} (7... O-O 8. Be2 Ne4 9. Qc2 f5 10. O-O Rf6 11. b4 Rh6 12. d5 exd5 13. Bb2 dxc4 14. Bxc4+ d5 15. Rad1 c6 16. Bb3 Nd7 17. Nd4 Qh4 18. h3 {1-0 (35) Ding,L (2805)-Amin,B (2704) Abidjan 2019}) 8. b3 O-O 9. Bb2 d6 {White has an edge.} 10. Bd3 Ne4 11. Qc2 f5 12. O-O-O (12. O-O $14) 12... d5 $146 ({Predecessor:} 12... Nd7 13. Ne1 d5 14. f3 {1-0 (63) Rodriguez,R-Lucas,S Las Vegas 1974}) 13. Ne5 Nd7 14. cxd5 Nxe5 15. dxe5 Bxd5 16. f3 Nc5 17. Bc4 c6 18. Kb1 Qe7 19. Bd4 Rfc8 20. Rc1 a4 21. Bxd5 exd5 (21... cxd5 $15 22. b4 Nb3 23. Qxc8+ Rxc8 24. Rxc8+ Kf7) 22. Bxc5 $11 bxc5 23. Qxc5 Qxe5 24. b4 Qe6 25. Qd4 c5 (25... Re8 $11) 26. Rxc5 $16 Rxc5 27. bxc5 {[%mdl 4096] Endgame KQR-KQR} Rb8+ {[#]} 28. Kc2 $1 f4 {Hoping for ...Qg6+.} 29. Rd1 fxe3 (29... Qg6+ $14 30. e4 dxe4 31. Qd5+ Kf8 32. fxe4 Qxg2+ 33. Rd2 Qg6) 30. Qxd5 $18 Kf7 (30... Qxd5 $16 31. Rxd5 Rb5) 31. Qxe6+ Kxe6 {[#] KR-KR} 32. Rd4 $1 Rb5 33. Rxa4 Rxc5+ 34. Kd3 Kf5 (34... Rc1 $142 35. Kxe3 Rc2) 35. Kxe3 Rc2 36. g4+ Kf6 37. Ra6+ Ke5 38. Ra5+ Kf6 39. h4 {White is clearly winning.} h6 (39... h5 $142 40. gxh5 Rc4) 40. Ra6+ Ke5 41. h5 Rc3+ 42. Kf2 Kf4 43. Ra4+ Kg5 44. Kg3 {Threatening mate with Ra6.} Kf6 45. Ra6+ Kf7 46. a4 {Accuracy: White = 74%, Black = 39%.} 1-0

[Event "BIH-chT Premier League 2019"]
[Site "Tuzla"]
[Date "2019.06.16"]
[Round "9.4"]
[White "Dumpor, Atif"]
[Black "Nikolic, Predrag"]
[Result "0-1"]
[WhiteElo "2279"]
[BlackElo "2574"]
[Annotator "TA"]
[PlyCount "80"]
[EventDate "2019.06.08"]
[EventType "team-tourn"]
[EventCountry "BIH"]
[SourceTitle "playchess.com"]
[Source "ChessBase"]
[SourceQuality "1"]

{[%evp 19,82,-4,-4,-36,-13,-16,-15,-30,-8,-8,0,0,0,-47,-49,-82,-72,-129,-133,-130,-133,-137,-137,-135,-134,-128,-129,-132,-131,-128,-128,-136,-122,-152,-106,-113,-81,-106,-93,-97,-106,-127,-99,-110,-91,-145,-146,-151,-151,-143,-146,-172,-172,-177,-183,-209,-146,-209,-201,-195,-207,-291,-290,-280,-274]} 1. Nf3 Nf6 2. c4 b6 3. g3 Bb7 4. Bg2 c5 5. b3 g6 6. Bb2 Bg7 7. O-O O-O 8. d4 cxd4 9. Nxd4 Bxg2 10. Kxg2 d5 11. Nd2 {A30: Symmetrical English: Double Fianchetto and Hedgehog} (11. cxd5 Qxd5+ 12. Nf3 Qb7 13. Na3 Nc6 14. Rc1 Nb4 15. Qd2 a5 16. Be5 Nc6 17. Bxf6 Bxf6 18. Qd5 Rac8 {0-1 (51) Kazakovskiy,V (2422)-Wojtaszek,R (2736) Katowice 2017}) 11... Na6 12. Rc1 $146 ({Predecessor:} 12. cxd5 Qxd5+ 13. f3 Ng4 14. Nc4 Rfd8 15. Nc2 Qe6 16. Qe1 Bxb2 17. Nxb2 Rac8 18. Nc4 b5 {0-1 (33) Groh,J (2090)-Jurka,M (2351) Brno 2001}) 12... Rc8 13. N4f3 {The position is equal.} Nc5 14. b4 Nce4 15. Nxe4 dxe4 16. Ng5 e3 17. f3 ({Not} 17. fxe3 $2 Ng4 $19) 17... Qd2 18. Qxd2 ({White should play} 18. Bxf6 exf6 19. Ne4 Qxa2 20. Nd6) 18... exd2 $17 19. Rc2 Rfd8 $36 {[%mdl 2048] Black is in control.} 20. Rd1 {[#]} Nd5 $1 {[%cal Rd5e3][%mdl 512] And now ...Ne3+ would win.} 21. Kf2 {aiming for Bxg7.} (21. cxd5 Rxc2) 21... Nxb4 22. Rcxd2 Rxd2 23. Rxd2 Bxb2 24. Rxb2 Rxc4 {[%mdl 4096] Endgame KRN-KRN} 25. Rd2 h6 26. Ne4 Rc7 27. g4 Kf8 28. Rd8+ Kg7 29. a3 Nc6 30. Rd5 Na5 31. h4 Nc4 32. Rd3 ({White should try} 32. a4) 32... f5 33. gxf5 gxf5 34. Ng3 Nd6 35. e4 fxe4 36. fxe4 Rc5 37. Kf3 Kf7 38. Kf4 (38. a4 $17 {was worth a try.}) 38... Ra5 $19 39. Rc3 Ra4 40. Ke5 {[#]} (40. Rf3 $142) 40... Nc4+ {Played: Ra4xa3} 0-1

[Event "BIH-chT Premier League 2019"]
[Site "Tuzla"]
[Date "2019.06.16"]
[Round "9.5"]
[White "Savanovic, Aleksandar"]
[Black "Maric, Bozo"]
[Result "1-0"]
[WhiteElo "2416"]
[BlackElo "2247"]
[Annotator "TA"]
[PlyCount "79"]
[EventDate "2019.06.08"]
[EventType "team-tourn"]
[EventCountry "BIH"]
[SourceTitle "playchess.com"]
[Source "ChessBase"]
[SourceQuality "1"]

{[%evp 16,81,16,22,29,21,41,46,63,65,59,13,55,32,47,51,118,128,171,153,157,154,201,158,164,149,151,153,149,157,203,214,214,113,124,113,370,362,398,321,337,343,343,324,491,470,595,595,595,595,595,595,591,595,595,595,592,587,580,577,586,582,5659,4827,1170,612,673,660]} 1. e4 d6 2. d4 Nf6 3. Nc3 g6 4. f4 Bg7 5. Nf3 O-O 6. Be2 Na6 7. O-O c5 8. d5 Nc7 9. a4 {[%cal Ba2a4,Ba4a5,Ba5b6][%mdl 32]} a6 {B09: Pirc Defence: Austrian Attack} (9... Rb8 10. Re1 b6 11. Bc4 a6 12. e5 Ng4 13. Qe2 Qd7 14. Rd1 b5 15. axb5 axb5 16. e6 fxe6 17. dxe6 {0-1 (33) Boskovic,D (2455)-Chadaev,N (2535) Kavala 2008}) 10. Qe1 Rb8 11. a5 $1 b5 {White is slightly better.} 12. axb6 $1 Rxb6 13. Kh1 $146 ({Predecessor:} 13. Nd2 Rb4 14. Bd3 Re8 15. Qg3 e6 16. dxe6 fxe6 {0-1 (26) Acuna Buitrago,C (2041)-Prada,D (2069) Bogota 2014}) 13... Rb4 14. Bd3 e6 15. dxe6 fxe6 ({Better is} 15... Nxe6 $14 16. e5 (16. Bxa6 Bxa6 17. Rxa6 Nc7 $14) 16... dxe5) 16. e5 $16 Nfd5 17. exd6 Qxd6 18. Ne4 {[%cal Bc3e4,Be4g5,Bg5f3][%mdl 32]} Qe7 19. c3 Rb8 20. Ne5 {Nc6 is the strong threat.} Bb7 21. Ng5 {Threatens to win with Nxh7!} Bxe5 22. Qxe5 h6 {[#]} 23. Nf3 $1 Rf6 24. h4 (24. Nh4 $18) 24... Rbf8 {[%cal Rd5f4]} 25. g3 Nxf4 $2 {[%mdl 8192]} (25... Qd7 $16) 26. gxf4 $18 Rf5 27. Qe2 Rxf4 28. Bxf4 Rxf4 29. Kg1 Rg4+ {[#]} (29... c4 $142) 30. Kf2 $1 {White is clearly winning.} Nd5 {Black wants to play ...Nf4.} 31. Rg1 Nf4 32. Rxg4 Nxe2 33. Rxg6+ Kf8 {Hoping for ...Nf4.} 34. Bxe2 Bxf3 35. Bxf3 Qxh4+ 36. Kg2 Kf7 37. Rg4 Qd8 38. Rf1 Qb6 39. Rf2 Ke7 40. Rg6 {Played: Rf2-e2} 1-0

[Event "BIH-chT Premier League 2019"]
[Site "Tuzla"]
[Date "2019.06.16"]
[Round "9.6"]
[White "Zirojevic, Sasa"]
[Black "Maksimovic, Bojan"]
[Result "0-1"]
[WhiteElo "1941"]
[BlackElo "2295"]
[Annotator "RC"]
[PlyCount "58"]
[EventDate "2019.06.08"]
[EventType "team-tourn"]
[EventCountry "BIH"]
[SourceTitle "playchess.com"]
[Source "ChessBase"]
[SourceQuality "1"]
[TimeControl "40/5400+30:900+30"]

1. e4 {[%emt 0:00:00]} c5 {[%emt 0:00:00]} 2. c3 {[%emt 0:00:19]} d5 {[%emt 0:00:07]} 3. exd5 {[%emt 0:00:36]} Qxd5 {[%emt 0:00:07]} 4. d4 {[%emt 0:00:37]} Nf6 {[%emt 0:00:17]} 5. Nf3 {[%emt 0:00:54]} e6 {[%emt 0:00:27]} 6. Be2 {[%emt 0:00:38]} Nc6 {[%emt 0:00:16]} 7. O-O {[%emt 0:00:56]} cxd4 {[%emt 0:03:24]} 8. cxd4 {[%emt 0:00:26]} Be7 {[%emt 0:00:32]} 9. Nc3 {[%emt 0:01:28]} Qd8 {[%emt 0:00:08]} 10. Be3 {[%emt 0:01:57]} O-O {[%emt 0:00:08]} 11. Rc1 {[%emt 0:01:29]} Nb4 {[%emt 0:04:03]} 12. Qd2 {[%emt 0:04:53]} Nbd5 {[%emt 0:03:45]} 13. Ne5 {[%emt 0:06:21]} Bd7 {[%emt 0:08:05]} 14. Bf3 {[%emt 0:06:31]} Nxe3 {[%emt 0:02:51]} 15. fxe3 {[%emt 0:03:39]} Rb8 {[%emt 0:00:24]} 16. a3 {[%emt 0:05:02]} Bd6 {[%emt 0:05:34]} 17. Nc4 {[%emt 0:05:16]} Bc7 {[%emt 0:06:21]} 18. e4 {[%emt 0:07:22]} b5 {[%emt 0:07:17]} 19. e5 {[%emt 0:07:15]} bxc4 {[%emt 0:04:36]} 20. exf6 {[%emt 0:01:46]} Qxf6 {[%emt 0:01:17]} 21. Ne4 {[%emt 0:07:43]} Qf4 {[%emt 0:03:53]} 22. Qc2 {[%emt 0:03:48]} Qxh2+ {[%emt 0:04:53]} 23. Kf2 {[%emt 0:01:48]} Bb6 {[%emt 0:05:19]} 24. Rh1 {[%emt 0:20:49]} Bxd4+ {[%emt 0:00:51]} 25. Ke2 {[%emt 0:00:17]} Qxh1 {[%emt 0:01:12]} 26. Rxh1 {[%emt 0:03:35]} Rxb2 {[%emt 0:00:22]} 27. Qxb2 {[%emt 0:01:58]} Bxb2 {[%emt 0:00:15]} 28. Nd2 {[%emt 0:00:39]} Rc8 {[%emt 0:00:58]} 29. Be4 {[%emt 0:01:39]} f5 {[%emt 0:01:01]} 0-1